| 000 | 01166cam a2200229 4500 | ||
|---|---|---|---|
| 001 | L129648 | ||
| 002 | 6205 | ||
| 008 | 050506n1999 000 0 eng u | ||
| 020 | _a0922154570 | ||
| 035 | _a(Sirsi) u129648 | ||
| 041 | _aeng | ||
| 050 |
_a333.3320973 _c18 |
||
| 110 |
_aAppraisal Institute _92987 |
||
| 245 | _aAppraising residential properties | ||
| 250 | _a3rd ed. | ||
| 260 |
_aChicago _bAppraisal Institute _c1999 |
||
| 300 |
_avii, 454p. _c25cm. |
||
| 350 | _a48.00 | ||
| 520 | _aThis American text now in its third edition provides a full treatment of the techniques and procedures of residential property appraisal. Provides step-by-step instruction on the valuation process from initial inspection to final appraisal report. New information in this edition includes coverage of information technology applications in residential appraisal as well as major changes in the Standards of Professional Practice and refinements of the three approaches to value. Appendices cover professional practice and the anatomy of a house. Bibliography. | ||
| 690 | _aPROPERTY-RESIDENTIAL PROPERTY-RESIDENTIAL PROPERTY APPRAISAL AND VALUATION | ||
| 942 | _n0 | ||
| 999 |
_c104255 _d104255 |
||